00294nam a2200133Ia 45000030006000000080041000060400015000471000018000622450017000802500010000972600024001075460012001310050017001430STCL150530s9999 xx 000 0 und d aSTCLcSTCL aHaslett, A.W. aScience news aFirst bPenguin booksc1952 aEnglish20220125170417.0